Concrete and abstract Voronoi diagrams
Αποθηκεύτηκε σε:
| Κύριος συγγραφέας: | |
|---|---|
| Μορφή: | Βιβλίο |
| Γλώσσα: | English |
| Δημοσίευση: |
Berlin :
Springer-Verlag,
c1989
|
| Σειρά: | Lecture notes in computer science ;
; 400 |
| Θέματα: | |
| Ετικέτες: |
Προσθήκη ετικέτας
Δεν υπάρχουν, Καταχωρήστε ετικέτα πρώτοι!
|
MARC
| LEADER | 00000nam a2200000 i 4500 | ||
|---|---|---|---|
| 001 | 1/29183 | ||
| 008 | 941103s1989 eng d | ||
| 020 | |a 3-540-52055-4 | ||
| 035 | |a 1991 |l 10038258 | ||
| 040 | |a GR-MY-UA |b gre |e aacr | ||
| 041 | 0 | |a eng | |
| 082 | 0 | |a 516. | |
| 100 | 1 | |a Klein, Rolf. | |
| 245 | 1 | 0 | |a Concrete and abstract Voronoi diagrams / |c Rolf Klein |
| 260 | |a Berlin : |b Springer-Verlag, |c c1989 | ||
| 300 | |a 167 p.; |c 25 cm. | ||
| 490 | 1 | |a Lecture notes in computer science |v ; 400 | |
| 500 | |a Includes bibliographical references | ||
| 650 | 0 | 0 | |a Voronoi polygons. |
| 650 | 0 | 0 | |a Spatial analysis (Statistics) |
| 650 | 0 | 0 | |a Geometry |x Data processing. |
| 830 | 0 | |a Lecture notes in computer science ; |v ; 400 | |
| 852 | |a INST |b SAMOS |e 19941103 |h 516 KLE |p 005300003468 |q 005300003468 |t BK |y 0 | ||
| 909 | |a Σ |b 021773 | ||